MDQL
is popping MORE tags! Check the
thread
!
Quizzes
Events
Quiz Creation
Community
Videos
Private Events
Remove Ads
Sign In
Join for FREE
Feedback
Dark Mode
Quiz Categories
Sports
Geography
Music
Movies
Television
Just For Fun
Miscellaneous
History
Literature
Language
Science
Gaming
Entertainment
Religion
Holiday
For Kids
Quiz Lab
Recent
Popular Today
Quiz Kudos Today
Editor Picks
Curator Picks
Quizzes by...
Day
Popularity
Type
Ratings
Length
Year
Community
Subscriptions
Recent Discussions
Orange Saloon
Badges
Playlists
Quests
Create
Leaderboards
Showdown
Live 5
Trivia Bingo
Activity
Puzzle Library
Sporcle Events
Private Events
Virtual Trivia
Globe League
Become a Host
Pub Owners
SporcleCon
Opinionation
Our Games
Videos
Blog
Mobile Apps
Partnerships
Remove Ads and Go Orange
Feedback
Sports
Athletes
MLB
NBA
NHL
NFL
Soccer
Sports Teams
WWE
NCAA
Football
Premier League
Basketball
Baseball
Hockey
Golf
Tennis
Cricket
Rugby
Auto Racing
Olympics
World Cup
Sports
Athletes
MLB
NBA
NHL
NFL
Soccer
Sports Teams
WWE
NCAA
Football
Premier League
Basketball
Baseball
Hockey
Golf
Tennis
Cricket
Rugby
Auto Racing
Olympics
World Cup
Random Quiz
Search Sporcle
×
Quiz Lab
Quiz Lab
Sports
College
Type in answers that appear in a list
Type in answers that appear in a list
Classic
Best Score? Go Orange.
College Basketball D1 Nicknames Part 2 Stats
Can you name the College Basketball D1 Nicknames Part 2?
By
SLUBillikens1
20m
47 Questions
103 Plays
103 Plays
103 Plays
Comments
Comments
Give Quiz Kudos
Give Quiz Kudos
-
- Ratings
hide this ad
Forced Order
Answers have to be entered in order
Answers have to be entered in order
Replay
Link that replays current quiz
Next Quiz
Link to next quiz in quiz playlist
You Got
0%
They Got
Avg Score
75%
Avg Friend Score
Upgrade to see
Score Distribution
Jump to the score distribution portion of the page
Score
0/47
Timer
20:00
1
Play Today
Team
Nickname
% Correct
UCLA
Bruins
97.1%
USC
Trojans
97.1%
Tulane
Green Wave
96.1%
Utah
Utes
96.1%
Wisconsin
Badgers
95.1%
Virginia Tech
Hokies
94.2%
Virginia
Cavaliers
93.2%
Wake Forest
Demon Deacons
93.2%
Washington
Huskies
93.2%
West Virginia
Mountaineers
93.2%
Villanova
Wildcats
92.2%
Troy
Trojans
91.3%
UTEP
Miners
90.3%
Vanderbilt
Commodores
90.3%
Wyoming
Cowboys
90.3%
UCF
Knights
88.3%
Washington St
Cougars
88.3%
Tulsa
Golden Hurricane
87.4%
Wichita St
Shockers
87.4%
Yale
Bulldogs
86.4%
Utah St
Aggies
85.4%
Western Kentucky
Hilltoppers
85.4%
UNLV
Runnin Rebels
83.5%
UAB
Blazers
82.5%
Team
Nickname
% Correct
VCU
Rams
79.6%
Western Michigan
Broncos
79.6%
Vermont
Catamounts
78.6%
Xavier
Musketeers
78.6%
Youngstown St
Penguins
76.7%
UC Irvine
Anteaters
70.9%
William & Mary
Tribe
70.9%
Winthrop
Eagles
68%
UTSA
Roadrunners
66%
Wofford
Terriers
63.1%
Missouri-
Kansas City (UMKC)
Kangaroos
60.2%
Virginia Military Institute
Keydets
60.2%
UCSB
Gauchos
59.2%
Weber St
Wildcats
55.3%
Illinois Chicago (UIC)
Flames
53.4%
Valparaiso
Crusaders
53.4%
NC Asheville (UNCA)
Bulldogs
50.5%
Western Carolina
Catamounts
48.5%
Western Illinois
Leathernecks
41.7%
Wright St
Raiders
36.9%
UC Davis
Aggies
35%
Wagner
Seahawks
34%
Utah Valley
Wolverines
33%
Quiz Playlist
Details
Report
Send in Message
Add To Playlist
Classic:
Type in answers that appear in a list
Forced Order:
Answers have to be entered in order
Last Updated: Feb 16, 2017
Quiz Scoreboard
CHALLENGE
Sign Up to Join the Scoreboard
Show All
Scores
Hide
Comments
May contain spoilers
Recently Published
1-10 Letter E Words III
by El_Dandy
Language
2m
Street Fighter Characters
by Artimus82
Gaming
60s
College Basketball Coaching Resumes
by pancakes188
Sports
9m
More to Explore
Quiz From the Vault
Featured Blog Post
Where Did the Easter Bunny Come From?
hide this ad
You Might Also Like...
Tags
Basketball Quiz
College Quiz
NCAA Basketball
nickname
team
Today's Top Quizzes in Sports
Browse Sports
hide this ad
Today's Top Quizzes in College
Browse College
Top Contributed Quizzes in Sports
1
2022 World Cup Stars
2
Les meilleurs buteurs des matchs entre le PSG et l’OM
3
FIFA Club World Cup Champions
4
Les entraîneurs de l'OM et du PSG au 21e siècle
5
Criteria MLB: Left Handed Sluggers
6
2023 MLB Unique Player Accomplishments
7
AFC Teams Reveal (Wrong Answers Minefield)
8
Players with Multiple 50 Home Run Seasons
9
5-to-1: FBS Animal Nicknames
10
5-to-1: UK Sports Teams
Explore More
Trending Topics
Crossword
Kpop
Marvel
Harry Potter
Anime
Disney
NBA
Pokémon
The Office
Soccer
Song
Country
Puzzle
WWE
NFL
hide this ad
More By:
SLUBillikens1
Quiz
Plays
Rating
Category
Featured
Created
College Basketball D1 Nicknames Part 1
335
2.13
Sports
Dec 26, 2012
NCAA Basketball AP Player Of Year
297
5.00
Sports
Dec 26, 2012
#1 NCAA Basketball Recruits
272
2.33
Sports
Oct 16, 2013
Most NCAA Men's Basketball Wins (Current D1)
197
2.75
Sports
Jan 12, 2013
NCAA Basketball AP All-Americans 2010-2012
167
3.00
Sports
Dec 25, 2012
Go to Creator's Profile
Score Distribution
Quiz Creator Spotlight
SLUBillikens1
Follow
Send a Message
Quizzes Created
-
Created Quiz Play Count
-
More By This Creator
Popular Quizzes Today
1
Find the US States - No Outlines Minefield
2
Find the Countries of Europe - No Outlines Minefield
3
The Countries of the World
4
Find the US States
5
Risky Map Clicking: Biggest States A-Z
6
US States
7
Popular People in 1961
8
Movies - When Are They Set?
More Sports Quizzes
Europe's Top 10 Teams By Social Media
Quiz Lab
Trending Quizzes
Risky Map Clicking: Least Populous States A-Z
1-10 Letter G Words
USA Borders Longest to Shortest
1-10 Letter F Words
Countries of the World: 200 Million BC
Recently Updated
Leaping Animals
pecheneg
Reality TV Shows (A-Z)
bhenderson79
Rickey Henderson's Hall of Fame Teammates
pecheneg
Champions League XIs: Arsenal
pecheneg
Quick Pick: Celebrities in WWE's Hall of Fame
aduchscher
A-Z Keypad Blitz II
pecheneg
Multiple Oscar Actors
pecheneg
Mystery Phrase Blitz: Oscar 'Best Actors'
pecheneg
F. Scott Fitzgerald Novels
LTH
Pick 3 Villains
ddd62291
Trending Topics
Marvel
Anime
Crossword
Disney
Kpop
NBA
Harry Potter
NFL
WWE
Puzzle
Song
Country
The Office
Soccer
Pokémon
Your Account Isn't Verified!
In order to create a playlist on Sporcle, you need to verify the email address you used during registration. Go to your
Sporcle Settings
to finish the process.
Report this User
Report this user for behavior that violates our
Community Guidelines
.
Details:
Send Report
Go to the Sporcle.com Mobile Site →
Comments